| 000 | 00734cab a22001935a 4500 | ||
|---|---|---|---|
| 001 | L148872 | ||
| 008 | 091118e20092609xxk f 000 0 eng d | ||
| 035 | _a(Sirsi) u148872 | ||
| 041 | 0 | _aeng | |
| 100 | 1 | _aEdwards, Simon | |
| 245 | 0 | 0 | _aRecession leads to more litigation |
| 260 | _c2009 | ||
| 490 |
_aEstates Gazette _v(938) 26 September 2009, 105(1) |
||
| 520 | _aReports that claims for dilapidations by landlords increased as the recession continues. Examines implications for landlords and tenants. Includes information on dealing with loss of rent, loss of business rates and loss of service charges. | ||
| 590 | _aKA | ||
| 651 | 4 |
_aUnited Kingdom _y |
|
| 690 | _aPROPERTY-LANDLORD AND TENANT-DILAPIDATIONS | ||
| 942 | _n0 | ||
| 999 |
_c81983 _d81983 |
||